Riadenie mechatronických systémov s využitím moderných metód a pokročilých LMI prístupov riadenia
Guardado en:
| Autor principal: | |
|---|---|
| Otros Autores: | |
| Formato: | Manuscrito Libro |
| Lenguaje: | eslovaco |
| Publicado: |
Bratislava :
STU v Bratislave FEI,
2024
|
| Materias: | |
| Acceso en línea: | https://opac.crzp.sk/?fn=detailBiblioFormChildY4QCB&sid=B4B27B8958935512D251CDCEE3A9&seo=CRZP-detail-kniha |
| Etiquetas: |
Sin Etiquetas, Sea el primero en etiquetar este registro!
|
MARC
| LEADER | 00000ntm a22000003a 4500 | ||
|---|---|---|---|
| 001 | stuzp99775 | ||
| 003 | SK-STU | ||
| 005 | 20260120134312.5 | ||
| 007 | ta | ||
| 008 | 150427s2015----xo-----f-mn---000-0-slo-d | ||
| 040 | |a STU |b slo | ||
| 041 | 0 | |a slo | |
| 044 | |a xo | ||
| 100 | 1 | |a Hypiusová, Mária |u 030690 |k Z1 |4 aut |U FEI Fakulta elektrotechniky a informatiky |T FEI Stredisko pre projekty a spoluprácu s praxou |X 4949 |U 030690 |Y 387 |7 A000004949 | |
| 242 | 0 | 1 | |a Control of mechatronic systems using modern methods and advanced LMI control approaches |y eng |
| 245 | 1 | 0 | |a Riadenie mechatronických systémov s využitím moderných metód a pokročilých LMI prístupov riadenia |
| 260 | |a Bratislava : |b STU v Bratislave FEI, |c 2024 | ||
| 300 | |a 195 s. | ||
| 650 | 4 | |a lineárne maticové nerovnosti |2 slo | |
| 650 | 4 | |a magnetická levitácia |2 slo | |
| 650 | 4 | |a Robustné riadenie |2 slo | |
| 650 | 4 | |a Robust control |2 eng | |
| 650 | 4 | |a linear matrix inequalities |2 eng | |
| 650 | 4 | |a magnetic levitation |2 eng | |
| 700 | 1 | |a , |4 ths |X null |7 null | |
| 856 | 4 | |u https://opac.crzp.sk/?fn=detailBiblioFormChildY4QCB&sid=B4B27B8958935512D251CDCEE3A9&seo=CRZP-detail-kniha | |
| 996 | |b 284ED01694 |c E*ZP- 619 |l EE01 |s A |a 24 |w stuzp99775_0001 | ||